<?xml version="1.0" encoding="UTF-8"?>
<record
    xmlns:xsi="http://www.w3.org/2001/XMLSchema-instance"
    xsi:schemaLocation="http://www.loc.gov/MARC21/slim http://www.loc.gov/standards/marcxml/schema/MARC21slim.xsd"
    xmlns="http://www.loc.gov/MARC21/slim">

  <leader>00459nam a2200205Ia 4500</leader>
  <controlfield tag="005">20260224122851.0</controlfield>
  <controlfield tag="008">230406s9999    xx            000 0 und d</controlfield>
  <datafield tag="020" ind1=" " ind2=" ">
    <subfield code="a">9781138639997</subfield>
  </datafield>
  <datafield tag="082" ind1=" " ind2=" ">
    <subfield code="a">720.288</subfield>
  </datafield>
  <datafield tag="082" ind1=" " ind2=" ">
    <subfield code="b">Jok</subfield>
  </datafield>
  <datafield tag="100" ind1=" " ind2=" ">
    <subfield code="a">Jokilehto Jukka</subfield>
    <subfield code="9">3996</subfield>
  </datafield>
  <datafield tag="245" ind1=" " ind2="0">
    <subfield code="a">A History Of Architectural Conservation</subfield>
  </datafield>
  <datafield tag="250" ind1=" " ind2=" ">
    <subfield code="a">2nd</subfield>
  </datafield>
  <datafield tag="260" ind1=" " ind2=" ">
    <subfield code="b">Routledge</subfield>
  </datafield>
  <datafield tag="260" ind1=" " ind2=" ">
    <subfield code="c">1999</subfield>
  </datafield>
  <datafield tag="300" ind1=" " ind2=" ">
    <subfield code="a">494</subfield>
  </datafield>
  <datafield tag="500" ind1=" " ind2=" ">
    <subfield code="a">History</subfield>
  </datafield>
  <datafield tag="650" ind1=" " ind2=" ">
    <subfield code="a">Novels</subfield>
  </datafield>
  <datafield tag="942" ind1=" " ind2=" ">
    <subfield code="c">REF</subfield>
  </datafield>
  <datafield tag="999" ind1=" " ind2=" ">
    <subfield code="c">181065</subfield>
    <subfield code="d">181065</subfield>
  </datafield>
  <datafield tag="952" ind1=" " ind2=" ">
    <subfield code="r">2025-03-03 00:00:00</subfield>
    <subfield code="l">1</subfield>
    <subfield code="o">720.288 JOK</subfield>
    <subfield code="p">SBPCOAD1B03531</subfield>
    <subfield code="s">2025-02-25</subfield>
    <subfield code="v">5542.00</subfield>
    <subfield code="w">2023-04-06</subfield>
    <subfield code="y">REF</subfield>
    <subfield code="1">0</subfield>
    <subfield code="4">0</subfield>
    <subfield code="7">0</subfield>
    <subfield code="0">0</subfield>
    <subfield code="a">SBPCOAD</subfield>
    <subfield code="b">SBPCOAD</subfield>
    <subfield code="c">C4</subfield>
    <subfield code="d">2023-02-23</subfield>
    <subfield code="e">The Word Book hop, Pune</subfield>
    <subfield code="g">5542.00</subfield>
    <subfield code="A">23249 23/02/2023</subfield>
    <subfield code="B">Architecture</subfield>
  </datafield>
</record>
